<?xml version='1.0' encoding='UTF-8'?>
  <record xmlns="http://www.loc.gov/MARC21/slim">
    <leader>00000cam a2200000 i 4500</leader>
    <controlfield tag="001">ocn901220948</controlfield>
    <controlfield tag="003">OCoLC</controlfield>
    <controlfield tag="005">20250822065113.8</controlfield>
    <controlfield tag="008">150127s1496    fr            000 0 lat d</controlfield>
    <datafield tag="040" ind1=" " ind2=" ">
      <subfield code="a">NLGGC</subfield>
      <subfield code="b">eng</subfield>
      <subfield code="e">rda</subfield>
      <subfield code="e">dcrmr</subfield>
      <subfield code="c">NLGGC</subfield>
      <subfield code="d">OCLCL</subfield>
      <subfield code="d">OCLCQ</subfield>
      <subfield code="d">QGJ</subfield>
    </datafield>
    <datafield tag="029" ind1="0" ind2=" ">
      <subfield code="a">NLGGC</subfield>
      <subfield code="b">388318953</subfield>
    </datafield>
    <datafield tag="035" ind1=" " ind2=" ">
      <subfield code="a">(OCoLC)901220948</subfield>
    </datafield>
    <datafield tag="100" ind1="0" ind2=" ">
      <subfield code="a">Antoninus,</subfield>
      <subfield code="c">Saint, Archbishop of Florence,</subfield>
      <subfield code="d">1389-1459,</subfield>
      <subfield code="e">author.</subfield>
      <subfield code="4">aut</subfield>
      <subfield code="1">https://id.oclc.org/worldcat/entity/E39PBJp9vM3MMyTg4YyrPwfH4q</subfield>
    </datafield>
    <datafield tag="240" ind1="1" ind2="0">
      <subfield code="a">Summa theologica</subfield>
    </datafield>
    <datafield tag="245" ind1="1" ind2="0">
      <subfield code="a">Prima [-quarta] pars totius su[m]e maioris beati Antonini</subfield>
    </datafield>
    <datafield tag="246" ind1="1" ind2=" ">
      <subfield code="i">Title according to ISTC:</subfield>
      <subfield code="a">Summa theologica (Partes I-IV)</subfield>
    </datafield>
    <datafield tag="246" ind1="1" ind2=" ">
      <subfield code="i">Title according to IDL:</subfield>
      <subfield code="a">Summa theologica P. 1-4</subfield>
    </datafield>
    <datafield tag="246" ind1="1" ind2=" ">
      <subfield code="i">Title according to Alblas, J. Incunabelen Rijksuniversiteit te Utrecht:</subfield>
      <subfield code="a">Summa theologiae moralis</subfield>
    </datafield>
    <datafield tag="246" ind1="3" ind2=" ">
      <subfield code="a">Repertorium totius summe domini Antonini archiepiscopi Florentini ordinis predi</subfield>
    </datafield>
    <datafield tag="264" ind1=" " ind2="1">
      <subfield code="a">In inclita ciuitate Argentina :</subfield>
      <subfield code="b">p[er] m[a]g[ist]r[u]m Joh[ann]em grüninger,</subfield>
      <subfield code="c">1496</subfield>
    </datafield>
    <datafield tag="300" ind1=" " ind2=" ">
      <subfield code="a">4 volumes ([174]; [226], [312], [258], [86] leaves) ;</subfield>
      <subfield code="c">31 cm (folio)</subfield>
    </datafield>
    <datafield tag="336" ind1=" " ind2=" ">
      <subfield code="a">text</subfield>
      <subfield code="b">txt</subfield>
      <subfield code="2">rdacontent</subfield>
    </datafield>
    <datafield tag="337" ind1=" " ind2=" ">
      <subfield code="a">unmediated</subfield>
      <subfield code="b">n</subfield>
      <subfield code="2">rdamedia</subfield>
    </datafield>
    <datafield tag="338" ind1=" " ind2=" ">
      <subfield code="a">volume</subfield>
      <subfield code="b">nc</subfield>
      <subfield code="2">rdacarrier</subfield>
    </datafield>
    <datafield tag="340" ind1=" " ind2=" ">
      <subfield code="m">folio</subfield>
      <subfield code="2">rdabf</subfield>
    </datafield>
    <datafield tag="340" ind1=" " ind2=" ">
      <subfield code="m">2 columns</subfield>
    </datafield>
    <datafield tag="500" ind1=" " ind2=" ">
      <subfield code="a">Text printed in two columns.</subfield>
    </datafield>
    <datafield tag="500" ind1=" " ind2=" ">
      <subfield code="a">Capital spaces, some with guide letters.</subfield>
    </datafield>
    <datafield tag="500" ind1=" " ind2=" ">
      <subfield code="a">Printed marginalia.</subfield>
    </datafield>
    <datafield tag="500" ind1=" " ind2=" ">
      <subfield code="a">Dates of printing: volume 1: 4 Sept. 1496; volume 2: 24 April 1495; volume 3: 6 June 1496; volume 4: 12 Aug. 1496.</subfield>
    </datafield>
    <datafield tag="500" ind1=" " ind2=" ">
      <subfield code="a">Includes also the repertorium on Antoninus Florentinus' summa theologica by Johannes Molitor, often counted as volume 5 of the multipart publication.</subfield>
    </datafield>
    <datafield tag="500" ind1=" " ind2=" ">
      <subfield code="a">Title from title pages. Title page volume 1: Prima pars totius su[m]me maioris beati Antonini; volume 2: Secunda pars totius summe maioris beati Antonini; volume 3: Tertia pars totius su[m]me maioris beati Antonini; volume 4: Quarta pars totius summe maioris beati Antonini. Title page repertorium: Repertoriu[m] totius summe domini Antonini archiepiscopi flore[n]tini ordinis predi.</subfield>
    </datafield>
    <datafield tag="500" ind1=" " ind2=" ">
      <subfield code="a">Incipit volume 1 (leaf (a2 recto): [I]Ncipit prima pars summe fratris Antonini de Florentia ordinis predicatorum Archiepiscopi Florentini. In qua agitur de Anima et de ad ipsam pertinentibus. Incipit prohemium totius operis. At head of page: Prohemium</subfield>
    </datafield>
    <datafield tag="500" ind1=" " ind2=" ">
      <subfield code="a">Incipit volume 2 (leaf A2 recto): [I[Ncipit proemiu[m] Secunde partis summe Clarissimi ac doctissimi viri fratris domini Antonini ordinis predicatorum archiepiscopi Florentini. At head of page: Prologus</subfield>
    </datafield>
    <datafield tag="500" ind1=" " ind2=" ">
      <subfield code="a">Incipit volume 3 (leaf a2 recto): [I]N nomine sancte ac indiuidue trinitatis. Jncipit prologus tertie partis summe beati Antonini archiepiscopi Florentin[i]. ordinis p[re]dicato[rum] ac sacre scripture expositoris diligentissimi. At head of page: Prologus</subfield>
    </datafield>
    <datafield tag="500" ind1=" " ind2=" ">
      <subfield code="a">Incipit volume 4 (leaf A2 recto): [I]Ncipit prohemiu[m] in quartam partem Summe Domini Antonini Archiepiscopi florentini ordinis predicatorum. At head of page: Prohemium</subfield>
    </datafield>
    <datafield tag="500" ind1=" " ind2=" ">
      <subfield code="a">Incipit Repertorium (leaf a2 recto): [I]N Incipit prologus in tabulas totius summe domini Anthonini archiepiscopi Florentinensis.ordinis predicatorum q[uam] doctissimi. At head of page: Prefatio in tabulas</subfield>
    </datafield>
    <datafield tag="500" ind1=" " ind2=" ">
      <subfield code="a">Colophon volume 1 (leaf (cc5 verso):  Prima p[ar]s summe Antonini ordi[ni]s p[re]dicato[rum] viri q[uam] clarissimi archiepi flore[n]tini. solertiq[ue] cura emendate. Finis extat p[er] m[a]g[ist]r[u]m Joh[anne]m grüninger in inclita ciuitate Arge[n]tina Anno natiuitatis d[omi]nice. M.ccccxcvj. Pridie v[er]o nonas Septe[m]brium.</subfield>
    </datafield>
    <datafield tag="500" ind1=" " ind2=" ">
      <subfield code="a">Colophon volume 2 (leaf (LL7 verso): Pars hec summe Secunda d[omi]ni Anthonini archiantistitis florentin[i]. preclarissimi. in nobili vrbe Arge[n]tina per magistru[m] Johanne[m] Grüninger accuratissime: nitidissimeq[ue] elaborata: et denuo reuisa Anno incarnat[i]o[ni]s d[omi]nice Millesimo.quadringe[n]tesimo nonagesimosexto. Kalendarum vero Maij octauo. Finit feliciter.</subfield>
    </datafield>
    <datafield tag="500" ind1=" " ind2=" ">
      <subfield code="a">Colophon volume 3 (leaf zz7 verso): Pars summe Tertia incliti Anthonini florentini archiepiscopi sacre pagine interpretis eximij: accuratissime per magist[rum] Joha[n]ne[m] Grüninger Argentinensis incoli. his ercis [that is, ereis] ilitteris impressa. haud sine ingenti labore reuisa et denuo correcta. Anno christi domini salutifero Millesimoquadringentesimononagesimosexto: pridie vero Nonas Martij. finit feliciter.</subfield>
    </datafield>
    <datafield tag="500" ind1=" " ind2=" ">
      <subfield code="a">Colophon volume 4 (leaf QQ7 verso): Anno incarnationis d[omi]nice. Mccccxcvj. Augusti v[er]o ydus pridie: Pars summe quarta Anthonini archiepiscopi florentini ordinis predicatoru[m] eruditissimi. Argentine p[er] magist[rum] Johanne[m] grüninger q[uam] vigilanti cura i[m]pressa finit feliciter.</subfield>
    </datafield>
    <datafield tag="500" ind1=" " ind2=" ">
      <subfield code="a">Signatures volume 1: (a-(h⁸/⁶ (i⁶ (k⁸ (l-(m⁶ (n⁸ (o-(p⁶ (q⁸ (r-(s⁶ (t⁸ (v-y⁶ (z⁸ (aa–(cc⁶; c1av, and cc6 are blank.</subfield>
    </datafield>
    <datafield tag="500" ind1=" " ind2=" ">
      <subfield code="a">Signatures volume 2: (A-(D⁸/⁶ (E-(H⁶/⁸ (I–(L⁶ (M⁸ (N-(P⁶ (Q⁸ (R-(T⁶ (V⁸ (X-Y⁶ (Z⁸ (AA-(DD⁶ (EE⁸ (FF-(GG⁶ (HH⁸ (II-(KK⁶ (LL⁸; (A1v, and L8 are blank.</subfield>
    </datafield>
    <datafield tag="500" ind1=" " ind2=" ">
      <subfield code="a">Signatures volume 3: a-f⁶/⁸ g-h⁶ i–z, aa-cc⁸/⁶ dd⁶ ee⁸ ff-gg⁶ hh⁸ ii-kk⁶ ll⁸ mm⁶-nn⁸ oo-qq⁶ rr⁸ ss-yy⁶ zz⁸; a1v, and zz8 are blank.</subfield>
    </datafield>
    <datafield tag="500" ind1=" " ind2=" ">
      <subfield code="a">Signatures volume 4: A-B⁸ C-D⁶ E⁸ F-H⁶ I⁸ K-L⁶ M⁸ N-P⁶ Q⁸ R⁶ S⁸ T⁶ V⁸ X–Z⁶ AA⁶ BB⁸ CC-EE⁶ FF⁸ GG⁶ HH⁸ II-PP⁶ QQ⁸; A2v and NN8 are blank.</subfield>
    </datafield>
    <datafield tag="500" ind1=" " ind2=" ">
      <subfield code="a">Signatures Repertorium: a-b⁶ c¹⁴ d–n⁶; a1v, and n6v are blank.</subfield>
    </datafield>
    <datafield tag="510" ind1="4" ind2=" ">
      <subfield code="a">Incunabula Short Title Catalogue,</subfield>
      <subfield code="c">ia00878000</subfield>
      <subfield code="u">https://data.cerl.org/istc/ia00878000</subfield>
    </datafield>
    <datafield tag="510" ind1="4" ind2=" ">
      <subfield code="a">Gesamtkatalog der Wiegendrucke,</subfield>
      <subfield code="c">2192</subfield>
      <subfield code="u">https://www.gesamtkatalogderwiegendrucke.de/docs/GW02192.htm</subfield>
    </datafield>
    <datafield tag="510" ind1="4" ind2=" ">
      <subfield code="a">Incunabula in Dutch Libraries,</subfield>
      <subfield code="c">360</subfield>
    </datafield>
    <datafield tag="510" ind1="4" ind2=" ">
      <subfield code="a">Bayerische Staatsbibliothek Inkunabelkatalog,</subfield>
      <subfield code="c">A-601</subfield>
      <subfield code="u">https://inkunabeln.digitale-sammlungen.de/Ausgabe_A-601.html</subfield>
    </datafield>
    <datafield tag="510" ind1="4" ind2=" ">
      <subfield code="a">Typenrepertorium der Wiegendrucke,</subfield>
      <subfield code="c">ma01195</subfield>
      <subfield code="u">https://tw.staatsbibliothek-berlin.de/ma01195</subfield>
    </datafield>
    <datafield tag="510" ind1="4" ind2=" ">
      <subfield code="a">Typenrepertorium der Wiegendrucke,</subfield>
      <subfield code="c">ma07299</subfield>
      <subfield code="u">https://tw.staatsbibliothek-berlin.de/ma07299</subfield>
    </datafield>
    <datafield tag="510" ind1="4" ind2=" ">
      <subfield code="a">Typenrepertorium der Wiegendrucke,</subfield>
      <subfield code="c">ma07303</subfield>
      <subfield code="u">https://tw.staatsbibliothek-berlin.de/ma07303</subfield>
    </datafield>
    <datafield tag="546" ind1=" " ind2=" ">
      <subfield code="b">Typeface: 12:71G, 17:145G, 19:280G</subfield>
    </datafield>
    <datafield tag="610" ind1="2" ind2="0">
      <subfield code="a">Catholic Church</subfield>
      <subfield code="x">Doctrines</subfield>
      <subfield code="x">Catholic authors.</subfield>
    </datafield>
    <datafield tag="610" ind1="2" ind2="6">
      <subfield code="a">Église catholique</subfield>
      <subfield code="x">Doctrines</subfield>
      <subfield code="x">Auteurs catholiques.</subfield>
    </datafield>
    <datafield tag="610" ind1="2" ind2="7">
      <subfield code="a">Catholic Church</subfield>
      <subfield code="2">fast</subfield>
    </datafield>
    <datafield tag="650" ind1=" " ind2="7">
      <subfield code="a">Theology, Doctrinal</subfield>
      <subfield code="x">Catholic authors</subfield>
      <subfield code="2">fast</subfield>
    </datafield>
    <datafield tag="655" ind1=" " ind2="2">
      <subfield code="a">Incunabula</subfield>
    </datafield>
    <datafield tag="655" ind1=" " ind2="7">
      <subfield code="a">incunabula (books)</subfield>
      <subfield code="2">aat</subfield>
    </datafield>
    <datafield tag="655" ind1=" " ind2="7">
      <subfield code="a">Incunables.</subfield>
      <subfield code="2">rvmgf</subfield>
    </datafield>
    <datafield tag="700" ind1="1" ind2=" ">
      <subfield code="a">Molitor, Johannes,</subfield>
      <subfield code="d">active 15th century,</subfield>
      <subfield code="e">contributor.</subfield>
      <subfield code="4">ctb</subfield>
      <subfield code="1">https://id.oclc.org/worldcat/entity/E39PCjr8wvbttf7yHJYR7g3mV3</subfield>
    </datafield>
    <datafield tag="700" ind1="1" ind2="2">
      <subfield code="i">Container of (work):</subfield>
      <subfield code="a">Molitor, Johannes,</subfield>
      <subfield code="d">active 15th century.</subfield>
      <subfield code="t">Repertorium totius Summe auree Domini Antonini archipresulis Florentini Ordinis Predicatorum.</subfield>
    </datafield>
    <datafield tag="700" ind1="1" ind2=" ">
      <subfield code="a">Grüninger, Johann,</subfield>
      <subfield code="d">-1532?</subfield>
      <subfield code="1">https://id.oclc.org/worldcat/entity/E39PBJB8vDKFHmG79WKVpcHt8C</subfield>
    </datafield>
    <datafield tag="752" ind1=" " ind2=" ">
      <subfield code="a">France</subfield>
      <subfield code="d">Strasbourg,</subfield>
      <subfield code="e">publication place.</subfield>
      <subfield code="4">pup</subfield>
    </datafield>
    <datafield tag="740" ind1="0" ind2=" ">
      <subfield code="a">Repertoriu[m] totius summe domini Antonini archiepiscopi flore[n]tini ordinis predi.</subfield>
    </datafield>
    <datafield tag="758" ind1=" " ind2=" ">
      <subfield code="a">Summa theologica, P. 1-4 (Text)</subfield>
      <subfield code="1">https://id.oclc.org/worldcat/entity/E39PCGpphTTgPPk3CYFTXTD8YP</subfield>
      <subfield code="4">https://id.oclc.org/worldcat/ontology/hasWork</subfield>
    </datafield>
    <datafield tag="936" ind1=" " ind2=" ">
      <subfield code="a">BATCHLOAD</subfield>
    </datafield>
  </record>